000 01718cam a22004694i 4500
003 PE-LiUPU
005 20250731165602.0
008 150625s r 000 0 d
035 _a(Sirsi) a38618
040 _aPE-LiUPU
_bspa
_cPE-LiUPU
_erda
082 0 4 _a079.8509
_bA77
_221
100 1 _aArrambide Cruz,Víctor ,
_eautor.
245 1 3 _aEl verdadero origen de la historia del diario oficial El Peruano (1825-1827) /
_cVíctor Arrambide Cruz.
264 1 _aLima :
_bEditora Perú,
_c2006.
300 _a103 páginas ;
_c20 cm.
336 _atext
_2rdacontent
337 _aunmediated
_2rdamedia
338 _avolume
_2rdacarrier
504 _aIncluye bibliografía.
505 0 _aLa génesis de una ficción. -El peruano independiente. -El peruano independiente y otros diarios Bolivarianos. -El peruano.
526 _aSEG44
526 _aSEG26
526 _aP151
526 _aP150
526 _aP149
526 _aP146
526 _aP145
526 _aP126
526 _aP125
526 _aP92
526 _aP75
526 _aP74
526 _aP27
526 _aP15
650 0 4 _aPeruano (Diario oficial del Perú)
_xHistoria.
910 _bjv
_cng
_d20080305
942 _2ddc
_cBOOK
949 _a079.8509 A77
_wDEWEY
_c1
_i57936
_lCCODEBUL1
_mBUL
_p5.00
_r0
_sY
_tBOOK
_u2015-06-25
_xBIBLIOTECA
_zUNKNOWN
_0COMPRA
_o.STAFF. Colección General
596 _a1
999 _a079.8509 A77
_wDEWEY
_c46921
_i57936
_d46921
_f2021-11-8
_g5
_lCCODEBUL1
_mBUL
_p5.00
_q1
_r0
_sY
_tBOOK
_u2015-6-25
_xEDUCACION
_zUNKNOWN
_0COMPRA
_o.STAFF. Colección General
980 _81
_gALBERTO SANCHEZ Responsable de Automatización